| 000 | 00625nam a22002177a 4500 | ||
|---|---|---|---|
| 003 | DO-SdBNP | ||
| 005 | 20210428142524.0 | ||
| 007 | ta | ||
| 008 | 210428e1982 dr ||||er|||| 00| f spa d | ||
| 020 | _a8432250090 | ||
| 040 |
_aDO-SdBNP _bspa _cBNPHU |
||
| 041 | _hspa | ||
| 082 | _bU86i | ||
| 100 | 1 |
_aUslar-Pietri, Arturo _d1906-2001 _912623 |
|
| 245 | 1 | 0 |
_aLa isla de Róbinson / _cArturo Uslar Pietri. |
| 260 |
_aBarcelona- Caracas- México: _bSeix Barral, _c1982 |
||
| 300 |
_a357 p.; _c18 cm |
||
| 490 |
_aBiblioteca Universal Formentor; _v9 |
||
| 830 |
_aBiblioteca Universal Formentor; _n9 _978509 |
||
| 942 |
_2ddc _cLBS1 |
||
| 999 |
_c49790 _d49790 |
||